Kliknij stolicę z Europy na mapie - Statystyki

Ogólne statystyki
  • Ten quiz został rozwiązany 162 razy
  • Średni wynik to 24 z 45
Odpowiedzi na mapie
Odpowiedzi zakodowano w zielono-czerwonej skali na mapie do tego quizu, zgodnie z poniższymi procentami.
 
Statystyki odpowiedzi
Odpowiedź % Poprawnych
Berlin
64%
Londyn
64%
Kijów
63%
Paryż
63%
Dublin
62%
Warszawa
62%
Andora
60%
Kopenhaga
60%
Madryt
60%
Moskwa
60%
Oslo
60%
Wilno
60%
Ateny
59%
Mińsk
59%
Bratysława
58%
Lizbona
57%
Reykjavík
57%
Sztokholm
57%
Watykan
57%
Amsterdam
56%
Praga
56%
Luksemburg
54%
Wiedeń
54%
Helsinki
53%
Rzym
53%
San Marino
53%
Budapeszt
52%
Bukareszt
52%
Tirana
52%
Zagrzeb
52%
Monako
51%
Tallinn
51%
Bruksela
49%
Lublana
48%
Ryga
48%
Sarajewo
48%
Sofia
48%
Valletta
48%
Berno
47%
Belgrad
46%
Kiszyniów
46%
Vaduz
46%
Prisztina
42%
Skopje
40%
Podgorica
38%
Nie znaleziono quizów pasujących do podanych kryteriów
Rozkład punktacji
Procent ludzi z każdym wynikiem
Percentyl według liczby udzielonych odpowiedzi
Twoja historia wyników
Nie rozwiązałeś tego quizu